000 00698nam a2200205Ii 4500
003 JO-AjNU
008 230606s9999||||xx |||||||||||||| ||und||
040 _aJO-AjNU
_beng
_erda
_cJO-AjNU
041 _aeng
050 1 4 _aPJ7551.M35 2006
100 3 _aAl- Majli,Jihad S,
_eauthor
_93568
245 0 0 _aPoetic Creativty In Arabic Literary Criticism:A Study Of Arabic Critical Views Up To The End Of The Century
250 _a1 ed
264 3 1 _aAmman:The Ministry Of Cultur,2006
300 _a311P
336 _atext
_btxt
_2rdacontent
337 _aunmediated
_bn
_2rdamedia
338 _avolume
_bnc
_2rdacarrier
650 4 _aLiterary Criticim-Artistic Creation-Poetry-History Of The Arabs
_93569
999 _aE1862
_c1862
_d1862